|
|
|
|
| LEADER |
00970nam a2200229 i 4500 |
| 003 |
GR-PaULI |
| 005 |
20240426103103.0 |
| 008 |
190709s1993 gr ||||g |||| 00| 0 gre d |
| 952 |
|
|
|0 0
|1 0
|2 ddc
|4 0
|6 701_100000000000000_ΚΕΙ
|7 0
|9 233754
|a THST
|b THST
|d 2019-07-09
|i 001746
|l 0
|o 701.1 ΚΕΙ
|p 025000016341
|r 2019-07-09 00:00:00
|t 1
|v 2019.00
|w 2019-07-09
|y BK15
|
| 999 |
|
|
|c 141811
|d 141811
|
| 020 |
|
|
|a 960211150X
|
| 040 |
|
|
|a GR-PaULI
|b gre
|c GR-PaULI
|e AACR2
|
| 041 |
1 |
|
|a gre
|
| 082 |
0 |
4 |
|2 23
|a 701.1
|
| 245 |
1 |
0 |
|a Κείμενα για την τέχνη /
|c επιλογή-μετάφραση Γιάννης Παππάς.
|
| 260 |
|
|
|a Αθήνα :
|b Νεφέλη,
|c 1993.
|
| 300 |
|
|
|a 246 σ. ;
|c 25 εκ.
|
| 650 |
|
4 |
|9 16572
|a Τέχνη
|x Ερμηνεία και κριτική
|
| 700 |
1 |
4 |
|a Παππάς, Γιάννης,
|d 1913-
|e μεταφραστής
|9 6233
|
| 830 |
|
0 |
|9 163866
|a Βιβλιοθήκη της τέχνης (Νεφέλη)
|
| 942 |
|
|
|2 ddc
|c BK15
|
| 998 |
|
|
|c ΜΑΝΙΑ
|d 2019-07
|